00580nam a2200157 a 450000100100000000500170001000800410002704000250006811000870009324500190018026000460019930000270024559000280027295201050030099900170040500004246220201002040155.0131203s2012 dr a 000 0 spa d aDO-SdBNPbspacBNPHU aInstituto Nacional de Pastoral.bEscuela de Teología Pastoral Para Laicos96963310aCristología. aSanto Domingo, :bAmigo del Hogar,c2012. a144 p. :bil ;c22 cm. aInventariado, 2020 / DG 0010718PDaGRbGRcHDd2013-12-03iLF1l0o p42462-10r2020-06-25w2020-06-25yLFPDZNo se presta c41951d41951